25 biggest cities of the Florida - Statistics

General Stats
  • This quiz has been taken 24 times
  • The average score is 13 of 25
Answer Stats
Population Answer % Correct
911 507 Jacksonville
100%
454 279 Miami
100%
294 000 Orlando
100%
194 500 Tallahassee
95%
399 700 Tampa
91%
265 000 St. Petersburg
82%
182 000 Fort Lauderdale
77%
233 394 Hialeah
68%
133 000 Gainesville
64%
203 000 Port St. Lucie
64%
111 000 West Palm Beach
64%
116 000 Clearwater
55%
154 000 Hollywood
55%
210 000 Cape Coral
36%
113 000 Miami Gardens
36%
92 000 Miami Beach
27%
173 000 Pembroke Pines
27%
132 000 Coral Springs
23%
112 000 Pompano Beach
23%
110 000 Davie
18%
120 500 Lakeland
18%
143 000 Miramar
18%
120 000 Palm Bay
14%
85 000 Plantation
14%
95 000 Sunrise
14%
No matching quizzes found
Score Distribution
Percent of People with Each Score
Percentile by Number Answered
Your Score History
You have not taken this quiz